000 01001nas a2200325 4500
001 BR2010003134
003 BR-BrBNA
005 20231205114105.0
007 ta
008 230509b bl.|||p| |||| 00| 00por d
040 _aBR-BrBNA
_bpor
_cBiblioteca Nacional de Agricultura
041 _a(Pt)
072 _aL51; L01
100 1 _aOliveira, M.V.M. de
100 1 _aLana, R. de P.
100 1 _aEifert, E. da C.
100 1 _aLuz, D.F.
100 1 _aVargas Junior, F.M. de
245 1 _aDesempenho de novilhas holandesas confinadas com dietas com diferentes níveis de monensina sódica
650 _aBOVINO
650 _aNOVILHO LEITEIRO
650 _aGANHO DE PESO
650 _aFERMENTAÇÃO
650 _aCONFINAMENTO
650 _aCONVERSÃO ALIMENTAR
650 _aMATÉRIA SECA
773 0 _tRevista Brasileira de Zootecnia (Brazil)
_xISSN 1516-3598
_g(Sep 2009), v. 38(9) p. 1835-1840
_wBR2010003134
909 _a202311
_bLúcia
_c55
_dLúcia Elande
942 _2AGRIS
_n0
_cANA
999 _c207031
_d207031